000
00306nam a22001217a 4500
008
160419b xxu||||| |||| 00| 0 eng d
020
_a
9780781793865
020
_a
0781793866
041
_a
eng
080
_a
618.2
245
1
0
_a
Fundamentals of nursing :
_c
Taylor lillis; LeMone Lynn LeBon;
942
_2
udc
_c
BK
999
_c
1430
_d
1430